NBA All-Stars 2013 - Statistics

General Stats
  • This quiz has been taken 917 times
    886 since last reset
  • The average score is 19 of 25
Answer Stats
Team Player % Correct
Miami LeBron James
100%
Miami Dwyane Wade
97%
New York Carmelo Anthony
95%
Oklahoma City Kevin Durant
94%
Miami Chris Bosh
93%
Los Angeles Lakers Kobe Bryant
92%
Oklahoma City Russell Westbrook
92%
San Antonio Tim Duncan
89%
Los Angles Clippers Chris Paul
88%
Houston James Harden
87%
Los Angeles Clippers Blake Griffin
86%
Boston Kevin Garnett
85%
Cleveland Kyrie Irving
83%
San Antonio Tony Parker
83%
Indiana Paul George
82%
Boston Rajon Rondo
78%
Chicago Joakim Noah
77%
Portland LaMarcus Aldridge
71%
Memphis Zach Randolph
61%
Brooklyn Brook Lopez
59%
Los Angeles Lakers Dwight Howard
58%
Chicago Luol Deng
42%
New York Tyson Chandler
42%
Golden State David Lee
36%
Philadelphia Jrue Holiday
34%
No matching quizzes found
Score Distribution
Percent of People with Each Score
Percentile by Number Answered
Your Score History
You have not taken this quiz since the last reset